Strategic management : (Record no. 189)

MARC details
000 -LEADER
fixed length control field 01915cam a2200313 i 4500
001 - CONTROL NUMBER
control field 18829546
003 - CONTROL NUMBER IDENTIFIER
control field OSt
005 - DATE AND TIME OF LATEST TRANSACTION
control field 20251218120721.0
008 - FIXED-LENGTH DATA ELEMENTS--GENERAL INFORMATION
fixed length control field 151023s2017 maua 000 0 eng
010 ## - LIBRARY OF CONGRESS CONTROL NUMBER
LC control number 2015955692
020 ## - INTERNATIONAL STANDARD BOOK NUMBER
International Standard Book Number 9781305502208 (pbk)
040 ## - CATALOGING SOURCE
Original cataloging agency DLC
Language of cataloging eng
Description conventions rda
Transcribing agency KCST
Modifying agency DLC
042 ## - AUTHENTICATION CODE
Authentication code pcc
050 00 - LIBRARY OF CONGRESS CALL NUMBER
Classification number HD30.28
Item number .H5865 2017
082 00 - DEWEY DECIMAL CLASSIFICATION NUMBER
Classification number 658.401
Edition information 23
100 1# - MAIN ENTRY--PERSONAL NAME
Personal name Hitt, Michael A.
9 (RLIN) 721
245 10 - TITLE STATEMENT
Title Strategic management :
Remainder of title Competitiveness & globalization
Name of part/section of a work Concepts /
Statement of responsibility, etc. Michael A. Hitt, Texas A&M University and Texas Christian University, R. Duane Ireland, Texas A&M University, Robert E. Hoskisson, Rice University.
250 ## - EDITION STATEMENT
Edition statement 12e.
260 ## - PUBLICATION, DISTRIBUTION, ETC.
Place of publication, distribution, etc. Boston, MA :
Name of publisher, distributor, etc. Cengage Learning,
Date of publication, distribution, etc. 2017
300 ## - PHYSICAL DESCRIPTION
Extent xxiii, 442 pages :
Other physical details color illustrations ;
Dimensions 26 cm
520 8# - SUMMARY, ETC.
Summary, etc. Examine strategic management with the market-leading text that sets the standard for the most intellectually rich, practical analysis of strategic management. Written by respected experts Hitt, Ireland, and Hoskisson, the 12th edition of STRATEGIC MANAGEMENT is steeped in cutting-edge research featuring more than 500 emerging and leading companies, and reveals trends you can implement immediately to succeed in your field. You'll discover how to integrate the classic industrial organization model with a resource-based view of the firm to give you a complete understanding of how today's businesses use strategic management to establish competitive advantages and create value for stakeholders in the global marketplace. The freshly reimagined MindTap(R) learning solution provides you with real-world activities that will prepare you to excel as a leader and outperform rivals.
650 #0 - SUBJECT ADDED ENTRY--TOPICAL TERM
Topical term or geographic name entry element Strategic planning.
9 (RLIN) 722
650 #0 - SUBJECT ADDED ENTRY--TOPICAL TERM
Topical term or geographic name entry element Industrial management.
9 (RLIN) 723
700 1# - ADDED ENTRY--PERSONAL NAME
Personal name Ireland, R. Duane
9 (RLIN) 724
700 1# - ADDED ENTRY--PERSONAL NAME
Personal name Hoskisson, Robert E.
9 (RLIN) 725
942 ## - ADDED ENTRY ELEMENTS (KOHA)
Koha item type Course Textbook
Source of classification or shelving scheme Dewey Decimal Classification
942 ## - ADDED ENTRY ELEMENTS (KOHA)
Source of classification or shelving scheme Dewey Decimal Classification
Holdings
Withdrawn status Lost status Source of classification or shelving scheme Damaged status Not for loan Home library Current library Date acquired Cost, normal purchase price Total checkouts Full call number Barcode Date last seen Price effective from Koha item type
    Dewey Decimal Classification     KCST Library KCST Library 03/12/2019 45.50   658.401 Hi St 1000000316 03/12/2019 03/12/2019 Course Textbook
© 2025 KCST. All rights reserved